[Event "POL-chT 2nd League"]
[Site "Mrzezyno"]
[Date "2011.09.11"]
[Round "9.32"]
[White "Zwolakiewicz, Krzysztof"]
[Black "Sygulski, Boguslaw"]
[Result "1/2-1/2"]
[WhiteElo "2119"]
[BlackElo "2239"]
[PlyCount "41"]
[EventDate "2011.09.03"]
[EventType "team-swiss"]
[EventRounds "9"]
[EventCountry "POL"]
[SourceTitle "EXT 2019"]
[Source "ChessBase"]
[SourceDate "2018.10.10"]
[SourceVersion "1"]
[SourceVersionDate "2018.10.10"]
[SourceQuality "1"]
[WhiteTeam "Grudziadz Rotmistrz II"]
[BlackTeam "Pilzno GKSz Hetman"]
[WhiteTeamCountry "POL"]
[BlackTeamCountry "POL"]

1. e4 c5 2. Na3 Nc6 3. Bb5 g6 4. c3 Bg7 5. f4 a6 6. Bxc6 dxc6 7. d3 Nf6 8. Nf3 0-0 9. 0-0 Qc7 10. Qe2 Re8 11. e5 Nd5 12. Ng5 b6 13. Bd2 h6 14. Ne4 f5 15. Nf2 Qd8 16. Rad1 a5 17. Qf3 Qc7 18. c4 Nb4 19. d4 cxd4 20. Bxb4 axb4 21. Nb5 1/2-1/2

[Event "POL-chT 2st League"]
[Site "Mrzezyno"]
[Date "2010.09.08"]
[Round "5.45"]
[White "Zwolakiewicz, Krzysztof"]
[Black "Jaroch, Pawel"]
[Result "0-1"]
[WhiteElo "2124"]
[BlackElo "2228"]
[PlyCount "154"]
[EventDate "2010.09.04"]
[EventType "team-swiss"]
[EventRounds "9"]
[EventCountry "POL"]
[SourceTitle "EXT 2019"]
[Source "ChessBase"]
[SourceDate "2018.10.10"]
[SourceVersion "1"]
[SourceVersionDate "2018.10.10"]
[SourceQuality "1"]
[WhiteTeam "Grudziadz Rotmistrz II"]
[BlackTeam "Gdynia Korsarz"]
[WhiteTeamCountry "POL"]
[BlackTeamCountry "POL"]

1. e4 e6 2. d4 d5 3. e5 c5 4. c3 Nc6 5. Nf3 Qb6 6. a3 Nh6 7. b4 cxd4 8. cxd4 Nf5 9. Bb2 a5 10. b5 a4 11. g4 Nh6 12. Rg1 Be7 13. Nc3 0-0 14. Nxa4 Qa5+ 15. Nc3 Na7 16. Bd3 Bd7 17. Qb3 Kh8 18. Rg3 Rfc8 19. Ke2 g6 20. a4 Kg7 21. Na2 Qd8 22. Bc1 Ng8 23. g5 Bf8 24. Bd2 Ne7 25. Nh4 Nf5 26. Nxf5+ exf5 27. Rb1 Be6 28. a5 Be7 29. f4 Rab8 30. Nc3 Qxa5 31. Rgg1 Qd8 32. Ra1 Ra8 33. Ra4 Qd7 34. Rga1 b6 35. Ra6 Qb7 36. Qa4 Rc7 37. Na2 h6 38. gxh6+ Kxh6 39. Bb4 Rh8 40. Bxe7 Rxe7 41. Nb4 Nc8 42. Nc6 Kg7 43. Nxe7 Rxh2+ 44. Ke3 Qxe7 45. Rf1 Qh4 46. Be2 g5 47. Qd1 g4 48. Qe1 Qh3+ 49. Kd2 Qb3 50. Qb1 Qc4 51. Qd3 Qb4+ 52. Kd1 Rh3 53. Qd2 Rc3 54. Ra1 Qb3+ 55. Ke1 Rc2 56. Qd3 Qb4+ 57. Kd1 Rc4 58. Rb1 Qa4+ 59. Ke1 Rxd4 60. Qg3 Qa5+ 61. Kf2 Qd2 62. Rbd1 Rxf4+ 63. Kg1 Rxf1+ 64. Kxf1 Qh6 65. Rd4 Ne7 66. Bd3 Ng6 67. Qf2 Nxe5 68. Bxf5 Qh1+ 69. Ke2 Qf3+ 70. Qxf3 gxf3+ 71. Ke3 Bxf5 72. Rxd5 f6 73. Rd8 Bd3 74. Rb8 Bxb5 75. Kf2 Be2 76. Rxb6 Ng4+ 77. Ke1 Bc4 0-1

[Event "POL-chT 2nd League"]
[Site "Ustron"]
[Date "2008.09.14"]
[Round "8.11"]
[White "Malecki, Rafal"]
[Black "Zwolakiewicz, Krzysztof"]
[Result "1-0"]
[WhiteElo "2118"]
[BlackElo "2051"]
[PlyCount "57"]
[EventDate "2008.09.06"]
[EventType "team-swiss"]
[EventRounds "9"]
[EventCountry "POL"]
[SourceTitle "EXT 2015"]
[Source "ChessBase"]
[SourceDate "2014.11.20"]
[SourceVersion "1"]
[SourceVersionDate "2014.11.20"]
[SourceQuality "1"]
[WhiteTeam "Chroscice LZS Victoria"]
[BlackTeam "Grudziadz Rotmistrz MAT Premium"]
[WhiteTeamCountry "POL"]
[BlackTeamCountry "POL"]

1. e4 c5 2. Nf3 e6 3. b3 a6 4. Bb2 Nc6 5. d4 cxd4 6. Nxd4 Qf6 7. c3 Bc5 8. g3 d5 9. exd5 exd5 10. Bg2 Nge7 11. 0-0 0-0 12. Nxc6 bxc6 13. Qd2 Qf5 14. Ba3 Bxa3 15. Nxa3 a5 16. Rfe1 Re8 17. Nc2 Ba6 18. Nd4 Qd7 19. Rad1 c5 20. Nc2 Rad8 21. c4 d4 22. Qxa5 Qa7 23. Re5 Rc8 24. Ne1 Qc7 25. Qxc7 Rxc7 26. Nd3 Rec8 27. Nxc5 Rxc5 28. Rxe7 Rd8 29. Rxd4 1-0

[Event "Kujawsko Pomorskie-ch"]
[Site "Znin"]
[Date "2008.06.26"]
[Round "8"]
[White "Karpinski, Bartlomiej"]
[Black "Zwolakiewicz, Krzysztof"]
[Result "0-1"]
[WhiteElo "1846"]
[BlackElo "2002"]
[PlyCount "84"]
[EventDate "2008.06.21"]
[EventType "swiss"]
[EventRounds "9"]
[EventCountry "POL"]
[SourceTitle "EXT 2018"]
[Source "ChessBase"]
[SourceDate "2017.10.13"]
[SourceVersion "1"]
[SourceVersionDate "2017.10.13"]
[SourceQuality "1"]

1. e4 c5 2. Nf3 e6 3. d4 cxd4 4. Nxd4 Nc6 5. Nc3 Qc7 6. Be3 a6 7. Be2 Nf6 8. f4 Bb4 9. Bf3 Bxc3+ 10. bxc3 d6 11. 0-0 Na5 12. Qd3 Bd7 13. Rfd1 Rc8 14. Bd2 Nc4 15. Rab1 b5 16. Rb3 0-0 17. Be2 Bc6 18. Nxc6 Qxc6 19. Bf3 Qc5+ 20. Qd4 Nd7 21. Be2 Ndb6 22. Bd3 Rfd8 23. h3 e5 24. fxe5 dxe5 25. Qxc5 Rxc5 26. Rbb1 Nxd2 27. Rxd2 Rxc3 28. Rbd1 Kf8 29. Be2 Rxd2 30. Rxd2 Ke7 31. Kf2 Ra3 32. c4 Nxc4 33. Bxc4 bxc4 34. Rc2 Ra4 35. Ke2 Kd6 36. g4 Kc5 37. Rd2 c3 38. Rd5+ Kc4 39. Rxe5 Rxa2+ 40. Kd1 Kd3 41. Rd5+ Kxe4 42. Rd7 Rd2+ 0-1

[Event "Kujawsko Pomorskie-ch"]
[Site "Znin"]
[Date "2008.06.25"]
[Round "7"]
[White "Zwolakiewicz, Krzysztof"]
[Black "Licznerski, Lukasz"]
[Result "0-1"]
[WhiteElo "2002"]
[BlackElo "1833"]
[PlyCount "84"]
[EventDate "2008.06.21"]
[EventType "swiss"]
[EventRounds "9"]
[EventCountry "POL"]
[SourceTitle "EXT 2018"]
[Source "ChessBase"]
[SourceDate "2017.10.13"]
[SourceVersion "1"]
[SourceVersionDate "2017.10.13"]
[SourceQuality "1"]

1. e4 e6 2. f4 d5 3. e5 c5 4. Nf3 Nc6 5. c3 Bd7 6. Na3 f6 7. Nc2 fxe5 8. fxe5 Nxe5 9. Nxe5 Qh4+ 10. g3 Qe4+ 11. Qe2 Qxh1 12. d4 Qe4 13. Be3 cxd4 14. cxd4 Rc8 15. Rc1 Bd6 16. Bg2 Qf5 17. g4 Qf6 18. Nxd7 Kxd7 19. Qb5+ Ke7 20. g5 Qg6 21. Nb4 Rb8 22. Kd2 Qe8 23. Qa5 Qd8 24. Qa4 Qd7 25. Qb3 Ke8 26. Nd3 Ne7 27. Bh3 Rf8 28. Re1 Kd8 29. g6 h6 30. Bxh6 gxh6 31. Bxe6 Qe8 32. g7 Rg8 33. Bxg8 Qxg8 34. Nc5 Bxc5 35. Qg3 Bb4+ 36. Kd1 Bxe1 37. Qxb8+ Nc8 38. Qe5 Bb4 39. Qf6+ Ke8 40. Qg6+ Ke7 41. Qxh6 Kf7 42. Qg5 Ne7 0-1

[Event "POL-chT3 Kujawsko Pomorskie 0708"]
[Site "Poland"]
[Date "2007.12.16"]
[Round "4.26"]
[White "Zwolakiewicz, Krzysztof"]
[Black "Zielinski, Olgierd"]
[Result "1-0"]
[WhiteElo "1990"]
[BlackElo "2002"]
[PlyCount "59"]
[EventDate "2007.11.04"]
[EventType "team-tourn"]
[EventRounds "11"]
[EventCountry "POL"]
[SourceTitle "EXT 2019"]
[Source "ChessBase"]
[SourceDate "2018.10.10"]
[SourceVersion "1"]
[SourceVersionDate "2018.10.10"]
[SourceQuality "1"]

1. e4 d5 2. exd5 Qxd5 3. Nc3 Qd6 4. d4 Nf6 5. Nf3 a6 6. Bd3 Nc6 7. h3 Nb4 8. 0-0 Nxd3 9. Qxd3 g6 10. Ne5 Bf5 11. Qf3 c6 12. Bf4 Qxd4 13. Nxc6 Qb6 14. Ne5 Bg7 15. g4 Be6 16. g5 Nh5 17. Nd5 Qa5 18. c4 Nxf4 19. Qxf4 Bxd5 20. cxd5 Qxd5 21. Rfe1 h5 22. Nc4 Bd4 23. Nd6+ Kf8 24. Nxf7 Bxf2+ 25. Qxf2 Qxf7 26. Qc5 Ke8 27. Rad1 Rh7 28. Qd5 Qf4 29. Qd7+ Kf8 30. Rf1 1-0

[Event "POL-chT3 Kujawsko Pomorskie 0708"]
[Site "Poland"]
[Date "2007.12.02"]
[Round "3.15"]
[White "Zwolakiewicz, Krzysztof"]
[Black "Bieganski, Zdzislaw"]
[Result "1-0"]
[WhiteElo "1990"]
[BlackElo "1960"]
[PlyCount "45"]
[EventDate "2007.11.04"]
[EventType "team-tourn"]
[EventRounds "11"]
[EventCountry "POL"]
[SourceTitle "EXT 2019"]
[Source "ChessBase"]
[SourceDate "2018.10.10"]
[SourceVersion "1"]
[SourceVersionDate "2018.10.10"]
[SourceQuality "1"]

1. e4 d6 2. Nc3 Nf6 3. f4 g6 4. Bc4 Bg7 5. d3 0-0 6. Nf3 Nc6 7. 0-0 Na5 8. Bb3 a6 9. Qe1 Nxb3 10. axb3 c6 11. Qh4 Bg4 12. Bd2 Qb6+ 13. Kh1 Bxf3 14. Rxf3 Qc5 15. f5 d5 16. e5 d4 17. exf6 Bxf6 18. Ne4 Qxc2 19. Nxf6+ exf6 20. Bh6 g5 21. Bxg5 Rfe8 22. Bh6 Kh8 23. Qxf6+ 1-0

[Event "POL-chT U19 2nd League"]
[Site "Lublin"]
[Date "2007.07.12"]
[Round "8"]
[White "Zwolakiewicz, Krzysztof"]
[Black "Kwapisiewicz, Karol"]
[Result "1-0"]
[WhiteElo "1998"]
[BlackElo "1691"]
[PlyCount "61"]
[EventDate "2007.07.07"]
[EventType "team-swiss"]
[EventRounds "11"]
[EventCountry "POL"]
[SourceTitle "EXT 2010"]
[Source "ChessBase"]
[SourceDate "2010.11.25"]
[SourceVersion "1"]
[SourceVersionDate "2010.11.25"]
[SourceQuality "1"]
[WhiteTeam "Grudziadz Rotmistrz U19"]
[BlackTeam "Belchatow LKS Stomil U19"]
[WhiteTeamCountry "POL"]
[BlackTeamCountry "POL"]

1. e4 c6 2. d4 d5 3. f3 dxe4 4. fxe4 Nf6 5. e5 Nd5 6. Qf3 e6 7. c3 b6 8. Nh3 Be7 9. Bd3 f5 10. exf6 Bxf6 11. Qh5+ Kd7 12. 0-0 Ba6 13. Bxa6 Nxa6 14. Nd2 Qe7 15. Ne4 Raf8 16. a4 e5 17. Nxf6+ gxf6 18. Bh6 Re8 19. Qe2 Nb8 20. c4 Nb4 21. dxe5 fxe5 22. Ng5 Qc5+ 23. Kh1 Re7 24. Qg4+ Kc7 25. Ne6+ Rxe6 26. Qxe6 Rd8 27. Rf7+ Rd7 28. Rd1 Rxf7 29. Qxf7+ Kc8 30. Bg5 Nd7 31. Rxd7 1-0

[Event "Pieczyska op"]
[Site "Pieczyska"]
[Date "2007.06.26"]
[Round "5"]
[White "Zwolakiewicz, Krzysztof"]
[Black "Laskowski, Filip"]
[Result "1-0"]
[WhiteElo "2253"]
[BlackElo "1800"]
[PlyCount "57"]
[EventDate "2007.06.23"]
[EventType "swiss"]
[EventRounds "9"]
[EventCountry "POL"]
[SourceTitle "EXT 2008"]
[Source "ChessBase"]
[SourceDate "2007.11.25"]
[SourceVersion "1"]
[SourceVersionDate "2007.11.25"]
[SourceQuality "1"]

1. e4 c5 2. Nf3 e6 3. d4 cxd4 4. Nxd4 a6 5. Nc3 Qc7 6. f4 d6 7. Be3 b6 8. Be2 Nf6 9. Bf3 Bb7 10. e5 dxe5 11. Bxb7 Qxb7 12. fxe5 Nfd7 13. Nf3 Nc6 14. 0-0 Rd8 15. Bg5 Rc8 16. Qe2 h6 17. Bh4 Bc5+ 18. Kh1 0-0 19. Qe4 Qc7 20. Rad1 Be7 21. Bg3 Nc5 22. Qg4 Rcd8 23. Bf4 Kh7 24. Qh5 Nd4 25. Nxd4 Rxd4 26. Be3 Rd7 27. Rf3 f6 28. Bxh6 gxh6 29. Rg3 1-0

[Event "Pieczyska op"]
[Site "Pieczyska"]
[Date "2007.06.25"]
[Round "3"]
[White "Zebracki, Tomasz"]
[Black "Zwolakiewicz, Krzysztof"]
[Result "0-1"]
[WhiteElo "1800"]
[BlackElo "2253"]
[PlyCount "93"]
[EventDate "2007.06.23"]
[EventType "swiss"]
[EventRounds "9"]
[EventCountry "POL"]
[SourceTitle "EXT 2008"]
[Source "ChessBase"]
[SourceDate "2007.11.25"]
[SourceVersion "1"]
[SourceVersionDate "2007.11.25"]
[SourceQuality "1"]

1. e4 c5 2. Nf3 e6 3. d4 cxd4 4. Nxd4 a6 5. Nc3 Qc7 6. a3 Nf6 7. Be3 b6 8. g3 Bb7 9. Bg2 Be7 10. 0-0 d6 11. h3 Nbd7 12. Nde2 Nc5 13. Bxc5 bxc5 14. Nf4 0-0 15. Qe2 Bc6 16. a4 Rfe8 17. b3 Nd7 18. Qd2 Rad8 19. Rad1 g6 20. Rfe1 Nb6 21. Qc1 Bf6 22. Na2 Rc8 23. c4 Red8 24. Qc2 Rb8 25. Rb1 Bb7 26. Red1 Nc8 27. Ne2 Na7 28. Qd2 Nc6 29. Kf1 Qd7 30. Nac1 Nd4 31. Nxd4 Bxd4 32. Ne2 Bg7 33. Kg1 Bc6 34. Qa2 Qb7 35. Qc2 Qb4 36. Qa2 Rb6 37. Kf1 a5 38. Kg1 Bf8 39. Kf1 Rdb8 40. Kg1 Bxa4 41. bxa4 Qxb1 42. Rxb1 Rxb1+ 43. Kh2 R1b2 44. Qa1 Rxe2 45. Qd1 Rbb2 46. Bf1 Rxf2+ 47. Kh1 0-1

[Event "POL-chT3 0607"]
[Site "Poland"]
[Date "2007.01.28"]
[Round "6.28"]
[White "Zwolakiewicz, Krzysztof"]
[Black "Kotula, Konrad"]
[Result "1-0"]
[WhiteElo "1986"]
[BlackElo "1771"]
[PlyCount "65"]
[EventDate "2006.11.12"]
[EventType "team"]
[EventRounds "11"]
[EventCountry "POL"]
[SourceTitle "EXT 2009"]
[Source "ChessBase"]
[SourceDate "2008.11.26"]
[SourceVersion "1"]
[SourceVersionDate "2008.11.26"]
[SourceQuality "1"]

1. e4 c5 2. Nf3 Nc6 3. d4 cxd4 4. Nxd4 g6 5. Nc3 Bg7 6. Be3 Nf6 7. f3 0-0 8. Bc4 Qb6 9. Bb3 Nxe4 10. Nd5 Qa5+ 11. c3 Bxd4 12. Bxd4 Nc5 13. Bc4 Ne6 14. Be3 b5 15. Bb3 b4 16. cxb4 Nxb4 17. Nxe7+ Kg7 18. 0-0 Ba6 19. Bd4+ f6 20. Re1 Kf7 21. Rc1 Nd3 22. Nd5 Kg7 23. Rxe6 dxe6 24. Rc7+ Kh6 25. Bc3 Qb5 26. Bc4 Qb8 27. Bxa6 exd5 28. Rb7 Nxb2 29. Qd2+ g5 30. Rxb8 Raxb8 31. Bxb2 Rb6 32. Bd3 Rfb8 33. Bd4 1-0

[Event "POL-chT3 0607"]
[Site "Poland"]
[Date "2007.01.14"]
[Round "5.17"]
[White "Zwolakiewicz, Krzysztof"]
[Black "Bieluszewski, Robert"]
[Result "1-0"]
[WhiteElo "1986"]
[BlackElo "2062"]
[PlyCount "47"]
[EventDate "2006.11.12"]
[EventType "team"]
[EventRounds "11"]
[EventCountry "POL"]
[SourceTitle "EXT 2009"]
[Source "ChessBase"]
[SourceDate "2008.11.26"]
[SourceVersion "1"]
[SourceVersionDate "2008.11.26"]
[SourceQuality "1"]

1. e4 c5 2. Nf3 Nc6 3. d4 cxd4 4. Nxd4 d6 5. Nc3 g6 6. Be3 Bg7 7. Qd2 Nf6 8. f3 0-0 9. Bc4 a6 10. 0-0-0 Bd7 11. h4 b5 12. Bb3 Nxd4 13. Bxd4 Be6 14. h5 Bxb3 15. axb3 e5 16. Be3 Nxh5 17. Bh6 b4 18. Nd5 a5 19. g4 a4 20. Bxg7 axb3 21. Qh6 bxc2 22. gxh5 cxd1Q+ 23. Kxd1 Ra1+ 24. Kd2 1-0